LEADER 01209nam1 22002891i 450 001 UON00426463 005 20231205104849.237 100 $a20130611d1797 |0itac50 ba 101 $agrc 102 $aGB 140 $a||||||||| ||||||||| 200 1 $aHome?rou Odysseia : syn tois scholiois. Batrachomyomachia. Hymnoi. Epigrammata. Leipsana. Tmema proton 210 $aEn Oxonia$c[s.n.]$d1797 215 $a748 p.$d22 cm (8vo) 463 1$1001UON00426464$12000 $aBatrachomyomachia$v 463 1$1001UON00426465$12000 $aHymnoi$v 463 1$1001UON00426466$12000 $aEpigrammata$v 463 1$1001UON00426467$12000 $aLeipsana$v 620 $aGB$dOxford$3UONL000029 700 0$aHOMERUS$3UONV055874$0155559 790 0$aOMERO$zHOMERUS$3UONV055876 801 $aIT$bSOL$c20240220$gRICA 899 $aSIBA - SISTEMA BIBLIOTECARIO DI ATENEO$2UONSI 912 $aUON00426463 950 $aSIBA - SISTEMA BIBLIOTECARIO DI ATENEO$dSI RARI MC MC 034 3° PIANO - CORRIDOIO$eSI MR 20981 7 3° PIANO - CORRIDOIO 996 $aHome?rou Odysseia : syn tois scholiois. Batrachomyomachia. Hymnoi. Epigrammata. Leipsana. Tmema proton$91209486 997 $aUNIOR LEADER 03505nam 2200697Ia 450 001 9910967786703321 005 20200520144314.0 010 $a9781593326470 010 $a1593326475 035 $a(CKB)2670000000271326 035 $a(EBL)1057824 035 $a(OCoLC)818819099 035 $a(SSID)ssj0000757733 035 $a(PQKBManifestationID)12276792 035 $a(PQKBTitleCode)TC0000757733 035 $a(PQKBWorkID)10759110 035 $a(PQKB)11788141 035 $a(MiAaPQ)EBC1057824 035 $a(Au-PeEL)EBL1057824 035 $a(CaPaEBR)ebr10622771 035 $a(Perlego)2028077 035 $a(EXLCZ)992670000000271326 100 $a20100409d2010 uy 0 101 0 $aeng 135 $aur|n|---||||| 181 $ctxt 182 $cc 183 $acr 200 10$aCreating Black Caribbean ethnic identity /$fYndia S. Lorick-Wilmot 205 $a1st ed. 210 $aEl Paso [Tex.] $cLFB Scholarly Pub.$d2010 215 $a1 online resource (180 p.) 225 1 $aThe new Americans 300 $aDescription based upon print version of record. 311 08$a9781593324087 311 08$a1593324081 320 $aIncludes bibliographical references and index. 327 $aCONTENTS; Acknowledgments; CHAPTER 1; Introduction; CHAPTER 2; From Grassroots Movement to Rise of an Organization; CHAPTER 3; Legacies of race and Immigrant-based Policies and the Expansion of The Caribbean Service Center; CHAPTER 4; Homecoming: Celebrating Caribbean Ethnic Identity; CHAPTER 5; Problems and Possibilities; CHAPTER 6; Final Word; APPENDIX A; Description of Positions and Demographic Information, New York; APPENDIX B; Listing of Participants; APPENDIX C; Methodology and Description of Instrument; APPENDIX D; Detailed Description of Programming and Services; REFERENCES; INDEX 330 $aLorick-Wilmot explores the complexities of Black Caribbean ethnic identity by examining the role a community-based organization plays in creating ethnic options for its first-generation Black Caribbean immigrant clients. Her case study particularly focuses on a Caribbean-identified organization's history, culture and climate, and the kinds of resources staff and community leaders provide that, ultimately, supports the maintenance of Caribbean ethnicity and Black ethnic identities and slows the rate of acculturation. Her case study points to the ways ethnic identity formations feed into the 410 0$aNew Americans (LFB Scholarly Publishing LLC) 606 $aCaribbean Americans$xSocial conditions 606 $aCaribbean Americans$xEthnic identity 606 $aCaribbean Americans$xServices for 606 $aCaribbean Americans$zNew York (State)$zNew York$xSocial conditions 606 $aCaribbean Americans$zNew York (State)$zNew York$xEthnic identity 606 $aCaribbean Americans$xServices for$zNew York (State)$zNew York 615 0$aCaribbean Americans$xSocial conditions. 615 0$aCaribbean Americans$xEthnic identity. 615 0$aCaribbean Americans$xServices for. 615 0$aCaribbean Americans$xSocial conditions. 615 0$aCaribbean Americans$xEthnic identity. 615 0$aCaribbean Americans$xServices for 676 $a305.896/0729 700 $aLorick-Wilmot$b Yndia S.$f1977-$01804305 801 0$bMiAaPQ 801 1$bMiAaPQ 801 2$bMiAaPQ 906 $aBOOK 912 $a9910967786703321 996 $aCreating Black Caribbean ethnic identity$94352257 997 $aUNINA